MARC

LEADER 00000nam0a2200000 4500
001 357117
005 20231102010947.0
035 |a (RuTPU)RU\TPU\retro\14377 
090 |a 357117 
100 |a 20200729d1934 km y0rusy50 ca 
101 0 |a rus 
102 |a RU 
105 |a ab z 101zy 
200 1 |a Водные богатства недр Земли на службу социалистическому строительству  |e первый Всесоюзный гидрогеологический съезд  |e Ленинград 25 - 31 декабря 1931 г.  |h Ч. 5  |i Минеральные воды  |f СССР, Главное геолого-гидро-геодезическое управление ; авт. предисл. Н. Славянов 
210 |a Москва  |c Государственное научно-техническое горно-геолого-нефтяное издательство  |d 1934 
215 |a 204 с.  |c ил., карты 
320 |a Библиогр. в конце докл. 
606 1 |a Воды подземные  |x Гидрогеология  |2 stltpush  |3 (RuTPU)RU\TPU\subj\3150  |9 31605 
606 1 |a Минеральные воды  |x Химический состав  |2 stltpush  |3 (RuTPU)RU\TPU\subj\44050  |9 63435 
610 1 |a съезды 
610 1 |a водные ресурсы 
610 1 |a курорты 
610 1 |a минеральные источники 
610 1 |a Забайкалье 
610 1 |a Грузия 
610 1 |a Абхазия 
610 1 |a мышьяковые воды 
610 1 |a Тянь-Шань 
610 1 |a углекислые воды 
610 1 |a термальные воды 
610 1 |a грязевые озера 
675 |a 556.3(063)  |v 4 
675 |a 556.314.6(063)  |v 4 
702 1 |a Славянов  |b Н.  |4 080 
712 0 1 |a СССР  |b Главное геолого-гидро-геодезическое управление  |c (1933-1935)  |2 stltpush  |3 (RuTPU)RU\TPU\col\16450  |9 26404 
712 1 2 |a Водные богатства недр Земли на службу социалистическому строительству  |c всесоюзный гидрогеологический съезд  |d 1  |e Москва  |f 1931  |4 570 
801 1 |a RU  |b 63413507  |c 20200729 
801 2 |a RU  |b 63413507  |c 20200916  |g RCR 
942 |c BK